Szakképzés és átképzés Izraelben.
Problém vzdelávania, prisťahovalectva, rekvalifikácie a odborného zaškolenia dospelých v Izraeli. Organizácia, financovanie a štruktúra vzdelávania prisťahovalcov, ktorých je v Izraeli 42 perc. všetkého obyvateľstva. V r. 1991 sa prisťahovalo 180 tisíc ľudí, ktorí postupne prechádzajú preškolením. M...
Salvato in:
| Autore principale: | |
|---|---|
| Natura: | Capitolo di libro |
| Lingua: | ungherese |
| Soggetti: | |
| Tags: |
Nessun Tag, puoi essere il primo ad aggiungerne!!
|
MARC
| LEADER | 00000naa a2200000 4500 | ||
|---|---|---|---|
| 001 | r009199 | ||
| 005 | 20221125113944.8 | ||
| 041 | 0 | |a hun | |
| 044 | |a HU | ||
| 245 | 1 | 0 | |a Szakképzés és átképzés Izraelben. |c P. Szücs |
| 520 | |a Problém vzdelávania, prisťahovalectva, rekvalifikácie a odborného zaškolenia dospelých v Izraeli. Organizácia, financovanie a štruktúra vzdelávania prisťahovalcov, ktorých je v Izraeli 42 perc. všetkého obyvateľstva. V r. 1991 sa prisťahovalo 180 tisíc ľudí, ktorí postupne prechádzajú preškolením. Možnosti ich zamestnania. Školský a mimoškolský systém v Izraeli. Dobrá organizácia práce, dobrá úroveň škôl. | ||
| 610 | 2 | 0 | |a vzdelávanie |
| 610 | 2 | 0 | |a rekvalifikácia |
| 610 | 2 | 0 | |a imigrácia |
| 610 | 2 | 0 | |a Izrael |
| 610 | 2 | 0 | |a školstvo |
| 610 | 2 | 0 | |a vzdelávanie mimoškolské |
| 610 | 2 | 0 | |a organizácia práce |
| 100 | 1 | |a Szücs, P. | |